| 000 | 00979nam a22002657a 4500 | ||
|---|---|---|---|
| 999 |
_c8262 _d8262 |
||
| 003 | GBCCL | ||
| 005 | 20241126110646.0 | ||
| 008 | 190923b ||||| |||| 00| 0 eng d | ||
| 020 | _a0486434443 (pbk.) | ||
| 020 | _a1420926993 | ||
| 040 | _cGBC | ||
| 050 | 0 | 0 |
_aB1480 _b2004 |
| 082 | 0 | 0 |
_a121 _222 _bHUM |
| 100 | 1 |
_aHume, David, _d1711-1776. _914376 |
|
| 240 | 1 | 0 | _aPhilosophical essays concerning human understanding |
| 245 | 1 | 3 |
_aAn enquiry concerning human understanding / _cDavid Hume. |
| 260 |
_aStilwell, KS : _bDigireads.com Publishing, _c2005. |
||
| 300 |
_a93 p. ; _c21 cm. |
||
| 504 | _aIncludes bibliographical references. | ||
| 650 | 0 |
_aKnowledge, Theory of. _9442 |
|
| 856 | 4 | 2 |
_3Publisher description _uhttp://www.loc.gov/catdir/enhancements/fy0615/2003063500-d.html |
| 906 |
_a7 _bcbc _corignew _d1 _eocip _f20 _gy-gencatlg |
||
| 942 |
_2ddc _cBK _01 |
||